|
|
|
|
| LEADER |
01026aam a22003138a 4500 |
| 001 |
00035680 |
| 005 |
20171026081025.0 |
| 008 |
161221s2012 ||||||Viesd |
| 020 |
# |
# |
|c 67000
|
| 041 |
0 |
# |
|a Vie
|
| 082 |
1 |
4 |
|a 305
|b PH110H
|
| 100 |
1 |
# |
|a Thang,Văn Phúc
|e Đồng chủ biển
|
| 245 |
1 |
0 |
|a Phát huy vai trò của các tổ chức xã hội ở Việt Nam
|c Thang Văn Phúc; Nguyễn Minh Phương
|
| 260 |
# |
# |
|a Hà Nội
|b Chính trị Quốc gia - Sự thật
|c 2012
|
| 300 |
# |
# |
|a 419tr.
|c 24 cm.
|b Minh họa
|
| 653 |
# |
# |
|a Phát huy
|
| 653 |
# |
# |
|a Việt Nam
|
| 653 |
# |
# |
|a Tổ chức xã hội
|
| 700 |
1 |
# |
|a Nguyễn Minh Phương
|e Đồng chủ biển
|
| 852 |
# |
# |
|b Kho mượn
|j KM.0020295
|
| 852 |
# |
# |
|j KD.0019241
|j KM.0020295
|
| 852 |
# |
# |
|j KD.0019241
|b Kho đọc
|
| 910 |
|
|
|d 21/12/2016
|
| 980 |
# |
# |
|a Trung tâm Học liệu Lê Vũ Hùng, Trường Đại học Đồng Tháp
|